00000000nam##2200000za#4500
0019.534754
003CaOODSP
00520210615083635
007ta
008150406|1998||||xxc|||||     f|0| 0 eng|d
040 |aCaOODSP|beng
041 |aeng
041 |afre
043 |an-cn---
0861 |aNH14-1/0390
1102 |aCanada Mortgage and Housing Corporation.
24510|aHow Cape Breton Regional Municipality streamlined residential building plans approvals by improving the quality of plans submitted for review / |cFire-rescue and Building Services Department of the Cape Breton Regional Municipality, Nova Scotia. Prepared by Word-Works Communications Services.
260 |aOttawa - Ontario : |bCanada Mortgage and Housing Corporation |c1998.
300 |aEnglish text, ii, 14p. : |billus. ; |c28 cm.
4901 |aAffordability and Choice Today (ACT) regulatory reform project|v0390
546 |aBilingual
563 |aSoftcover
590 |a01-07|b2001-02-16
69007|aMunicipal buildings|2gcpds
69007|aConstruction industry|2gcpds
69007|aHousing|2gcpds
7760#|tHow Cape Breton Regional Municipality streamlined residential building plans approvals by improving the quality of plans submitted for review |w(CaOODSP)9.573397
7760#|tComment la Municipalité régionale du Cap-Breton a rationalisé l'approbation des plans de construction résidentielle en améliorant la qualité des plans présentés pour fins d'examen / |w(CaOODSP)9.603565
792 |tComment la Municipalité régionale du Cap-Breton a rationalisé l'approbation des plans de construction résidentielle en améliorant la qualité des plans présentés pour fins d'examen / |efre|w(CaOODSP)9.534755
830#0|aAffordability and Choice Today (ACT) regulatory reform project ;|v0390|w(CaOODSP)9.509540
986 |aPB 0390